000 00799nam a22001217a 4500
008 160213b xxu||||| |||| 00| 0 eng d
100 _aHunt, Bryan
245 _aThe Cross-Channel services. Part I :
_bSouthampton-Channel Islands-Havre routes to 1940
260 _aNewbury, Berkshire, England
_bPhilip Cockrill
_c1984
490 _aCockrill series booklet ; no. 42
650 _aGreat Britain | France | Channel Islands | English Channel | Europe | Maritime Mail | Shipping Companies and Packet Service | Postal History | Transportation of Mail | Postal Service | Covers Pre-adhesive Covers | Fee Paid Mail | Postal Markings | Postal Routes | Postal Rates | Postal Laws and Regulations | Laws and Regulations | Postal Conventions | 19th Century | 20th Century | 18th Century
700 _aCockrill, Philip
999 _c1765
_d1765